| 000 | 01427cam a22002295a 4500 | ||
|---|---|---|---|
| 001 | L159027 | ||
| 008 | 150226s2015 xxk f 000 0 eng d | ||
| 035 | _a(Sirsi) u159027 | ||
| 041 | 0 | _aeng | |
| 110 | 2 |
_aJones Lang LaSalle _93755 |
|
| 245 | 0 | 0 |
_aSpotlight on Africa _bOpportunity on the horizon _bAn overview of the hotel real estate sector in Africa _h[electronic resource] |
| 260 |
_aJohannesburg _bJLL _c2015 |
||
| 520 | _aOutlines the changing narrative on the investment potential in Africa. Many sectors in the African economy are seeing high growth in investment from global corporates, institutional investors and private equity. The drivers for this change in sentiment are sustained economic growth, increased stability, favourable demographics and improving infrastructure. Global hotel real estate capital has been cautious in flowing into Africa due to perceived high risk and limited investment scale. Despite this cautious approach, hotel supply on the continent has grown by 4.1% annually during the past 10 years, which has been driven primarily by local and regional developers. | ||
| 590 | _aKA | ||
| 650 | 2 | 4 | _aHOTELS |
| 650 | 2 | 4 | _aINVESTMENT GROWTH |
| 650 | 2 | 4 | _aHOTEL INVESTMENT |
| 651 | 4 | _aAfrica | |
| 690 |
_aCommercial property _96227 |
||
| 856 | 4 | 0 |
_uhttps://www.africa.jll.com/africa/en-gb/research/129/Spotlight-on-Africa _zView the item free of charge from www.africa.jll.com |
| 942 | _n0 | ||
| 999 |
_c115632 _d115632 |
||